书目信息 |
| 题名: |
工业企业会计
|
|
| 作者: | 王盛祥 著 | |
| 分册: | ||
| 出版信息: | 长春 吉林人民出版社 1982 |
|
| 页数: | 536页 | |
| 开本: | 19cm | |
| 丛书名: | ||
| 单 册: | ||
| 中图分类: | F406.72 | |
| 科图分类: | ||
| 主题词: | 工业会计 | |
| 电子资源: | ||
| ISBN: | ||
| 000 | 00619nam0 2200241 45 | |
| 001 | 0182003602 | |
| 005 | 20040429145831.9 | |
| 010 | @dCNY1.75 | |
| 091 | @a4091.175 | |
| 100 | @a19950303d1982 em y0chiy0121 ea | |
| 101 | 0 | @achi |
| 102 | @aCN@b220000 | |
| 105 | @ay z 000yy | |
| 106 | @ar | |
| 200 | 10 | @a工业企业会计@Agong ye qi ye kuai ji@f王盛祥著 |
| 210 | @a长春@c吉林人民出版社@d1982 | |
| 215 | @a536页@d19cm | |
| 606 | @a工业会计 | |
| 690 | @aF406.72@v3 | |
| 701 | 0 | @a王盛祥@Awang sheng xiang@4著 |
| 801 | 0 | @aCN@b上海图书馆@c20040429 |
| 801 | 2 | @aCN@bNLC@c20040429 |
| 905 | @f1@b110274@dF406.72@e53 | |
| 工业企业会计/王盛祥著.-长春:吉林人民出版社,1982 |
| 536页;19cm |
| ISBN :CNY1.75 |
| ● |
| 相关链接 |
|
|
|
|
正题名:工业企业会计
索取号:F406.72/53
 
预约/预借
| 序号 | 登录号 | 条形码 | 馆藏地/架位号 | 状态 | 备注 |
| 1 | 0110274 | 000208796 | 第一借阅区/ [索取号:F406.72/53] | 在馆 | |
| 2 | 0110276 | 000208769 | 第一样本阅览室/ [索取号:F406.72/53] | 在馆 |